000 00746nam a2200205Ii 4500
003 JO-AjNU
008 230605s9999||||xx |||||||||||||| ||und||
040 _aJO-AjNU
_bara
_erda
_cJO-AjNU
041 _aara
050 1 4 _aGV342.D3752 1989
100 3 _aدرويش، كمال، م. مشارك الحماحمى، محمد، م.مشارك الخولى، أمين أنور,
_eauthor
_97932
245 0 0 _aالالعاب الرياضية تنظيمها وادارتها
250 _aط3
264 3 1 _aمصر: دار المعارف، 1989
300 _a285ص
_bصور توضيحية
336 _atext
_btxt
_2rdacontent
337 _aunmediated
_bn
_2rdamedia
338 _avolume
_bnc
_2rdacarrier
650 4 _aالألعاب الرياضبة
_97933
999 _aA529
_c4097
_d4097